Die teuersten Fußballtransfers - Defensive Mittelfeldspieler - 2012-13 - Statistiken

Allgemein
  • Dieses Quiz wurde 18 mal gespielt
  • Das Durchschnittsergebnis liegt bei 2 aus 10
Antwortstatistiken
Ablöse (M €) Nationalität Abgebender Verein Aufnehmender Verein Spieler % Korrekt
40,00 Spanien Athletic Bilbao Bayern München Javi Martínez
93%
8,50 Schweiz FC Basel Bor. M'gladbach Granit Xhaka
57%
19,00 Kamerun / Frankreich FC Arsenal FC Barcelona Alex Song
29%
7,00 Südkorea Celtic Glasgow Swansea City Sung-yueng Ki
21%
8,00 Schweiz AC Florenz SSC Neapel Valon Behrami
21%
20,20 Spanien Benfica Manchester City Javi García
7%
7,50 Portugal Genua CFC Dynamo Kyiv Miguel Veloso
7%
8,00 Brasilien Vasco da Gama Spartak Moskau Rômulo
0%
8,50 Niederlande Ajax Amsterdam Newcastle United Vurnon Anita
0%
12,00 Frankreich Stde Rennes Rubin Kazan Yann M'Vila
0%
Keine übereinstimmenden Quizze gefunden
Verteilung der Resultate
Anzahl Personen mit jedem Resultat
Perzentil nach korrekt beantworteten Fragen
Ihre Resultats-Entwicklung
Sie haben dieses Quiz noch nicht gespielt